Statistics for NCAA Gymnasts to Score a Perfect 10.0

Click here to take the quiz!

General Stats

  • This quiz has been taken 155 times
    (32 since last reset)
  • The average score is 44 of 395

Answer Stats

UniversityEventGymnast% Correct
AuburnUB, BBSunisa Lee
91%
UCLAUB, FXJordan Chiles
77%
UCLAUBKyla Ross
77%
OklahomaBBRagan Smith
77%
FloridaUBTrinity Thomas
77%
AlabamaBBLuisa Blanco
73%
UCLAUB,BBPeng-Peng Lee
73%
LSUVTHaleigh Bryant
68%
Oregon StateUB, FXJade Carey
68%
VT, UBLeanne Wong
64%
BB | VTNikki Smith
64%
UCLAUBAnna Li
59%
VT,FXBrittany Smith
59%
LSUVT, BB, FXKiya Johnson
59%
FXTasha Smith
59%
UtahBBAbby Paulson
55%
LSUFX,BBAleah Finnegan
55%
UtahUBGrace McCallum
55%
FloridaUBKayla DiCello
55%
OklahomaVT,UB,BBMaggie Nichols
55%
UtahUB, BBMaile O'Keefe
55%
VT,UB, BB,FXBridget Sloan
50%
UtahBBCristal Isa
50%
OklahomaVT, FXJordan Bowers
50%
UCLABB,FXKatelyn Ohashi
50%
DenverFX, UBLynnzee Brown
50%
UCLAUBMadison Kocian
50%
UtahVTJaedyn Rucker
45%
UtahBBKara Eaker
45%
ArizonaFXKatie Johnson
45%
UCLAVTSelena Harris
45%
UCLAFXChae Campbell
41%
CaliforniaFXeMjae Frazier
41%
UCLAFXGracie Kramer
41%
MinnesotaBBIvy Lu
41%
LSUVTJessie Jordan
41%
UtahFXMykayla Skinner
41%
MichiganVTNatalie Wojcik
41%
LSUBB,FXSarah Finnegan
41%
MichiganVTSierra Brooks
41%
FXSloane Blakely
41%
AuburnFXDerrian Gobourne
36%
FXEmily Wong
36%
UCLABBGrace Glenn
36%
VT,FXLeah Brown
36%
BBMya Lauzon
36%
OklahomaFXOlivia Trautman
36%
VT,UB,BB,FXCourtney Kupets
32%
MichiganVT, FXGabby Wilson
32%
OklahomaVTKatherine Levasseur
32%
FXKelli Brown
32%
AlabamaBBLilly Hudson
32%
FXNya Reed
32%
MichiganVTReyna Guggino
32%
VTTami Harris
32%
MichiganVTAbby Heiskell
27%
OklahomaUB, BBAnastasia Webb
27%
FXAnna Wilson
27%
VTAshley Kupets
27%
ArizonaUBBecky Bowers
27%
OklahomaUBBrenna Dowell
27%
North CarolinaBBBrooke Wilson
27%
RutgersUBDawn Campbell
27%
VTElizabeth Price
27%
UCLAFXFelicia Hano
27%
FloridaBBLeah Clapper
27%
AlabamaUBMakarri Doggette
27%
IllinoisBBMia Takekawa
27%
UtahUBSage Thompson
27%
UCLAUBSamantha Peszek
27%
Southern UtahBBStacie Webb
27%
VTTory Wilson
27%
VTAmber See
23%
LSUVT, FXAshleigh Gnat
23%
Arizona StateVT,UB,BB,FXAshley Kelly
23%
AlabamaVT,FXAshley Miles
23%
BB,FXCourtney McCool
23%
VT,UB,FXElise Ray
23%
UCLABBEmma Malabuyo
23%
NebraskaVTErin Davis
23%
DenverFXJessica Hutchinson
23%
LSUUBLexie Priessman
23%
MinnesotaBBLexy Ramler
23%
LIUUBMara Titarsolej
23%
LSUFXMcKenna Kelley
23%
MinnesotaFXMya Hooten
23%
MinnesotaVTOna Loper
23%
GeorgiaFXRachel Baumann
23%
Iowa StateVTAddy De Jesus
18%
Boise StateVTCourtney Blackson
18%
UCLAVT,UB,FXJamie Dantzscher
18%
KentuckyVT,BB,FXJenny Hansen
18%
MissouriVTJocelyn Moore
18%
AlabamaVT,FXKim Kelly
18%
UCLAVT,UB,BB,FXKristen Maloney
18%
UtahVT,UB,BB,FXMissy Marlowe
18%
UCLAUB,BB,FXMohini Bhardwaj
18%
CaliforniaVTToni-Ann Williams
18%
VT, UBAlex McMurtry
14%
Boise StateUBEmily Lopez
14%
VT, UBGeorgia Dabritz
14%
MinnesotaFXHalle Remlinger
14%
VT,FXHope Spivey
14%
UCLAVT,FXJeanette Antolin
14%
LSUVTJennifer Wood
14%
VT,UB,BB,FXKarin Lichey
14%
FloridaFXKennedy Baker
14%
AlabamaFXKiana Winston
14%
IowaVTKim Baker
14%
Central MichiganVTLaura Chow
14%
FXLloimincia Hall
14%
Iowa StateFXMaddie Diab
14%
MinnesotaVTMaddie Quarles
14%
UCLAUB,FXTasha Schwikert
14%
Arizona StateVTCarie Courtney
9%
OklahomaBBCarly Woodard
9%
AlabamaBBDana Dobransky
9%
UCLABBDanusia Francis
9%
AlabamaVT,UB,FXDee Foster
9%
UCLABBElyse Hopfner-Hibbs
9%
CaliforniaUBEmi Watterson
9%
AlabamaVTGeralen Stack-Eaton
9%
UBJori Jackard
9%
UCLAVT,BB,FXKate Richardson
9%
GeorgiaVT,BB,FXKim Arnold
9%
UBMackenzie Caquatto
9%
UtahVTMaKenna Merrell-Giles
9%
LSUFXMyia Hambrick
9%
UCLAFXStella Umeh
9%
VT,FXTeShawne Jackson
9%
UB,BB,FXTheresa Kulikowski
9%
ArizonaVTAbby Pearson
5%
VT,UB,FXAgina Simpkins
5%
DenverBBAlexis Vasquez
5%
OklahomaVTAllie Stern
5%
AlabamaVT,UBAndree Pickens
5%
VT,UB,FXBeth Wymer
5%
GeorgiaVTBrittany Rogers
5%
UB,FXCarly Dockendorf
5%
OklahomaBBChayse Capps
5%
CaliforniaUBCindy Tom
5%
FXCourtney Bumpers
5%
AlabamaVTDiandra Milliner
5%
Arizona StateFXElizabeth Reid
5%
WashingtonBBEvanni Roberson
5%
FXHeather Hanson
5%
VT,UB,BB,FXHeather Stepp
5%
UCLAVTHeidi Moneymaker
5%
VTJulie Ballard
5%
VT,FXKatie Heenan
5%
Central MichiganUBKatie Teft
5%
BBKelly Garrison
5%
LSUVTKennedi Edney
5%
VT,UB,BB,FXKristen Kenoyer
5%
VTKristi Lichey
5%
VT,FXKytra Hunter
5%
FXLeslie Angeles
5%
VT,BBLisa Simes
5%
BB,FXLise Leveille
5%
UB,FXLori Strong
5%
DenverVTMaddie Karr
5%
Iowa StateVTMakayla Maxwell
5%
FXMarline Stephens
5%
AlabamaFXMeredith Willard
5%
MichiganFXNicole Artz
5%
UCLAVT,FXOnnie Willis
5%
FloridaBBRachel Gowey
5%
VTRachel Tidd
5%
VTRheagan Courville
5%
VT,BB,FXRichelle Simpson
5%
BBRobyn King
5%
Michigan StateVTRochelle Robinson
5%
VT,BB,FXSarah Cain
5%
OklahomaVTSara Stone
5%
VTSarie Morrison
5%
FloridaVTSavannah Evans
5%
AlabamaBBStephanie Woods
5%
BBSummer Reid
5%
FXTiffany Simpson
5%
UCLAVTVanessa Zamarripa
5%
FXVeronique Leclerc
5%
UCLAUBYvonne Tousek
5%
UB,FXAimee Trepanier
0%
VTA.J. Lamb
0%
VTAlina Weinstein
0%
UBAllison Landis
0%
PittsburghVT,FXAlyse Zeffiro
0%
VTAmber McCracken
0%
FXAmy Durham
0%
BBAmy McClosky
0%
UB,FXAmy Murakami
0%
UBAmy Myerson
0%
UCLAFXAmy Thorne
0%
ArizonaVTAndi McCabe
0%
UBAngie Leonard
0%
ArizonaVTAnna Basaldua
0%
VT,FXAnnabeth Eberle
0%
Arizona StateVT,BBApril Boone
0%
VT,BB,FXApril Burkholder
0%
BBApril Zentko
0%
VT,FXAshleigh Clare-Kearney
0%
Arizona StateBBAshley Ellsberry
0%
FXAshley Godwin
0%
VTAshley Lambert
0%
VT,BBAshley Postell
0%
DenverVTAshley Shible
0%
AuburnFXBecky Erwin
0%
VTBrandi Personett
0%
UtahFXBreanna Hughes
0%
FXBridget Knaeble
0%
BYUFXBrogan Jacobsen
0%
FXCalli Ryals
0%
BBCara Lepper
0%
IllinoisUBCara Pomeroy
0%
FXCaroline Fluhrer
0%
MinnesotaVTCarolyn Yernberg
0%
New HampshireBBCasey Lauter
0%
Arizona StateVTCassandra Jusino
0%
Arizona StateFXCassidy Vreeke
0%
UB,BBChari Knight
0%
VT,FXChelsea Byrd
0%
FXChris Rodis
0%
FXChrissy Lamun
0%
FXChrissy Vogel
0%
BYUVTChristy McAdams
0%
Boise StateVTCiera Perkins
0%
VT,UB,BBCory Fritzinger
0%
VTCourtney Norman
0%
FXCourtney Turner
0%
VTDainty Mae Hiser
0%
UBDanae Phillips
0%
AlabamaVTDanielle McAdams
0%
Arizona StateBBDanna Lister
0%
UCLAVTDee Fischer
0%
George WashingtonBBDevin McCalla
0%
FXDinorth Boydu
0%
UBElizabeth Jilson
0%
Arizona StateFXElizabeth McNabb
0%
FXEllen Casey
0%
VTEmily Parsons
0%
VT,UBEmily Pritchard
0%
OklahomaBBErica Brewer
0%
FXErin Chenier
0%
UBErin LaBarr
0%
UBErin Pendleton
0%
OklahomaVTEvy Schoepfer
0%
UBGabi Weller
0%
UB,BBGrace Taylor
0%
VT,FXHaley Scaman
0%
MinnesotaBBHanna Nordquist
0%
UBHeather Bennett
0%
UBHeather Brink
0%
DenverVTHeather Huffaker
0%
VT,FXHeather Kabnick
0%
ArizonaVT,FXHeidi Hornbeek
0%
BYUVTJaime Mabray
0%
UBJanelle Giblin
0%
Iowa StateVTJanet Anson
0%
AlabamaVT,BBJeana Rice
0%
UBJenni Beathard
0%
San Jose StateFXJennifer Greene
0%
FXJenny Ebdon
0%
Arizona StateUBJenny Ester
0%
West VirginiaVTJessica Bartgis
0%
FXJessie James
0%
VTJess Wertz
0%
Maryland | MassachusettsFXJill Fisher
0%
VTJill Weber
0%
FXJoanna Sampson
0%
Boise StateVTJulie Wagner
0%
AlabamaBBKaitlyn Clark
0%
Central MichiganFXKara Reighard
0%
UCLAVT,FXKareema Marrow
0%
BYUBBKari Lords
0%
Arizona StateBB,FXKari Muth
0%
BBKasie Tamayo
0%
S.E. MissouriVT,FXKate Farrington
0%
Penn StateVT,BBKatie Rowland
0%
Oregon StateVTKatrina Severin
0%
Oregon StateUBKaytianna McMillan
0%
OklahomaUBKeeley Kmieciak
0%
FXKelly Mathiasen
0%
VTKelly McDonald
0%
StanfordVTKendall Beck
0%
Texas Woman'sBBKim Koenig
0%
FXKim Mazza
0%
VTKlara Kudlikova
0%
VTKlara Redmond
0%
UBKristen Guise
0%
FXKristen Macrie
0%
TowsonVT,FXKristen Presutti
0%
BBKristen Stucky
0%
VTKristie Snyder
0%
UCLAVTKristina Comforte
0%
UCLAFXKristin Parker
0%
VT,FXKristin Quackenbush
0%
MichiganVTKylee Botterman
0%
FXLajuanda Moody
0%
WashingtonVTLanna Apisukh
0%
FXLara Degenhardt
0%
FXLarissa Fontaine
0%
Cal State - FullertonFXLatoya Milburn
0%
Arizona StateUBLaura Moon
0%
AlabamaVTLauren Beers
0%
Penn StateUBLauren Bridgens
0%
MissouriBBLauren Schwartzman
0%
UCLAVT,UBLeah Homma
0%
VTLeah Mueller
0%
UCLAVTLena Degteva
0%
UB,FXLenee Berumen
0%
Boise StateVTLeslie Mott
0%
FXLia Del Priore
0%
VTLindsay Mable
0%
BB,FXLindsay Wing
0%
BBLindsey Vagedes
0%
VTLisa Kurc
0%
Arizona StateBBLisa Vincijanovic
0%
UBLiz Tricase
0%
New HampshireVTLori Brady
0%
UBLucy Wener
0%
Arizona StateVT,BB,FXMaggie Germaine
0%
BB,FXMaggie Haney
0%
FXMandi Klug
0%
Northern IllinoisFXMargaret Mroz
0%
Boise StateBBMarie Lucas
0%
OklahomaUBMcKenzie Wofford
0%
UCLAUBMegan Fenton
0%
Arizona StateFXMegan Wright
0%
UBMelanie Sinclair
0%
BB,FXMelissa Vituj
0%
FXMeredith Fricke
0%
UB,FXMichelle Kasuga
0%
Central MichiganFXMichelle Orloski
0%
BBMichelle Sandoz
0%
BBMindi Farmer
0%
BBMissy Leopoldus
0%
NC StateBBMonica Berry
0%
DenverVTMoriah Martin
0%
FXNansy Damianova
0%
AlabamaUBNatalie Barrington
0%
VTNatalie Foley
0%
Eastern MichiganVT,BBNatalie Hashimoto
0%
FXNicki Arnstad
0%
FXNicki Butler
0%
OklahomaUBNicole Lehrmann
0%
VT,UBNikki Peters
0%
VTNikki West
0%
DenverFXNina McGee
0%
FXNneka Logan
0%
FXPam Titus
0%
FXPatricia Aoki
0%
FXRachelle Fruge
0%
AuburnBBRachel Tarantino
0%
AlabamaBBRaegan Tomasek
0%
ArizonaBB,FXRandi Liljenquist
0%
VTRhiannon Banda-Scott
0%
Arizona StateBBRhonda Robinette
0%
FXRickee Wirtzberger
0%
AuburnBBSally Cantrell
0%
UBSandy Rowlette
0%
UB,BBSandy Woolsey
0%
VTSarah-Elizabeth Langford
0%
FXSarah Harding
0%
Ball StateVTSarah Mikrut
0%
AuburnUBSarah Wentworth
0%
BB,FXShannon Bowles
0%
BBShannon Gallagher
0%
UBSharene Mamby
0%
AlabamaFXShay Murphy
0%
VTShelly Kringen
0%
Kent StateVTShelly Stambaugh
0%
FXStacey Galloway
0%
UBStacy Connolly
0%
ArizonaUBStacy Fowlkes
0%
VTStephanie Gran
0%
VTStephanie Hyett
0%
Ohio StateVT,UBSusan Eckman
0%
VTSusan Hines
0%
VT,FXSuzanne Metz
0%
FXSuzanne Sears
0%
UCLAFXSydney Sawa
0%
GeorgiaFXSydney Snead
0%
UBSyreeta Barnett
0%
Central MichiganVTTammy Verrinder
0%
VTTara Phillips
0%
BB,FXTerin Martinjak
0%
VTTiffaine Janke
0%
Arizona StateVT,FXTina Brinkman
0%
FXTracey Kohl
0%
BBTraci Sommer
0%
UBUmme Salim
0%
Illinois StateVTWendy Lahucik
0%
VTWendy Marshall
0%

Score Distribution

Percentile by Number Answered

Percent of People with Each Score

Your Score History

You have not taken this quiz since the last reset